01139nam a22002417a 450000500170000001000130001702000230003003500130005303700160006604000120008208200320009410000540012624501990018024601000037926000920047927000750057130000620064665000430070865000880075165000210083965000340086070000030089420170124102944.0  aB-023332  c100.00a8185139520  aA-995116  bCen Lib/Ret  aDPLbHN  a822bदीक्षित   aदीक्षित , रामाश्रय   aदमन   :c रामाश्रय दीक्षित bस्वतंत्रता संग्राम की पृष्ठभूमि पर आधारित नाटक  /  adaman  :bhartiya swatantrta -sangram ki preshthbhumi per aadharit natak  bby Ramashrya Dikshit  aबिजनौर bहिन्दी साहित्य निकेतन c1999  a16-साहित्य विहार bबिजनौर e246701  a131पृष्ठ.  c21सेमी(सजिल्द)  aहिंदी साहित्य   aहिंदी नाटक -स्वतंत्रता संग्राम   aHindi literature  aHindi Drama -Freedom Struggle  